Time-Saver Standards for Interior Design and Space Planning (Record no. 9145)

MARC details
000 -LEADER
fixed length control field 00466nam a2200157Ia 4500
008 - FIXED-LENGTH DATA ELEMENTS--GENERAL INFORMATION
fixed length control field 230312s9999||||xx |||||||||||||| ||und||
020 ## - INTERNATIONAL STANDARD BOOK NUMBER
International Standard Book Number 0-07-016299-9
082 ## - DEWEY DECIMAL CLASSIFICATION NUMBER
Classification number 729
Item number CHI-T
100 ## - MAIN ENTRY--PERSONAL NAME
Personal name Chiara;Joseph.De
245 #0 - TITLE STATEMENT
Title Time-Saver Standards for Interior Design and Space Planning
260 ## - PUBLICATION, DISTRIBUTION, ETC.
Name of publisher, distributor, etc. MacGraw Hill
Place of publication, distribution, etc. Singapore
Date of publication, distribution, etc. 1
300 ## - PHYSICAL DESCRIPTION
Extent 1160
546 ## - LANGUAGE NOTE
Language note Eng.
650 ## - SUBJECT ADDED ENTRY--TOPICAL TERM
Topical term or geographic name entry element Architecture
Form subdivision Time-Saver Standards for Interior Design and Space Planning
942 ## - ADDED ENTRY ELEMENTS (KOHA)
Koha item type BOOK
Holdings
Withdrawn status Lost status Source of classification or shelving scheme Damaged status Not for loan Home library Current library Date acquired Total Checkouts Full call number Barcode Date last seen Price effective from Koha item type
    Dewey Decimal Classification     Superior Information Resource Center (SIRC) Superior University- Central Library Superior Information Resource Center (SIRC) Superior University- Central Library 03/13/2023   729 CHI-T 9255 03/13/2023 03/13/2023 BOOK

Powered by Koha